[Event "IECG WC.2005.F.00001"]
[Site "IECG email"]
[Date "2006.06.05"]
[Round "?"]
[White "Bubir, Alex Nikolaevich"]
[Black "Schoonhoven, Jan Willem"]
[Result "1-0"]
[WhiteElo "2449"]
[BlackElo "2569"]
[PlyCount "83"]
[EventDate "2006.06.05"]
[EventType "tourn (corr)"]
[EventRounds "6"]
[SourceTitle "Telechess CBM 151"]
[Source "ChessBase"]
[SourceDate "2012.11.13"]
[SourceVersion "1"]
[SourceVersionDate "2012.11.13"]
[SourceQuality "1"]

1. e4 c5 2. Nf3 d6 3. d4 cxd4 4. Nxd4 Nf6 5. Nc3 a6 6. Be3 e5 7. Nb3 Be6 8. f3 Be7 9. Qd2 0-0 10. 0-0-0 b5 11. g4 b4 12. Nd5 Bxd5 13. exd5 a5 14. Kb1 a4 15. Nc1 a3 16. b3 Qa5 17. g5 Ne8 18. f4 Nd7 19. Nd3 Rb8 20. Bh3 f5 21. gxf6 Ndxf6 22. Qg2 Kh8 23. fxe5 Nxd5 24. Bd4 Nc3+ 25. Bxc3 bxc3 26. Rde1 Nc7 27. Qg4 Qb6 28. Qd7 Rfe8 29. Rhf1 Nd5 30. Rf7 Bf8 31. Ref1 Qd8 32. Qf5 Ne3 33. Qh5 Qb6 34. Bf5 Nxf5 35. Qxf5 Kg8 36. e6 Qe3 37. Re1 Qh6 38. Nf4 Be7 39. Rg1 Kh8 40. Nd5 g6 41. Qf3 Bf8 42. Nc7 1-0

[Event "IECG CP.2001.F.00001"]
[Site "IECG email"]
[Date "2005.07.01"]
[Round "?"]
[White "Hoffmann, Matthias"]
[Black "Schoonhoven, Jan Willem"]
[Result "0-1"]
[WhiteElo "2213"]
[BlackElo "2567"]
[PlyCount "42"]
[EventDate "2005.07.01"]
[EventType "tourn (corr)"]
[EventRounds "6"]
[EventCountry "NED"]
[SourceTitle "Corr 2008"]
[Source "ChessBase"]
[SourceDate "2008.06.24"]
[SourceVersion "1"]
[SourceVersionDate "2008.06.24"]
[SourceQuality "1"]

1. e4 c5 2. c3 d5 3. exd5 Qxd5 4. d4 Nf6 5. Nf3 Bg4 6. dxc5 Qxc5 7. Na3 a6 8. Be3 Qc7 9. h3 Bh5 10. Qa4+ Nbd7 11. 0-0-0 e6 12. Nb5 Qb8 13. Nbd4 Be7 14. g4 Bg6 15. Bd3 Bxd3 16. Rxd3 b5 17. Qc2 Qb7 18. Re1 0-0 19. Rdd1 Rfc8 20. Kb1 Nd5 21. Bg5 Bf8 0-1

[Event "IECG CP.2001.F.00001"]
[Site "IECG email"]
[Date "2005.07.01"]
[Round "?"]
[White "Miletic, Arsen"]
[Black "Schoonhoven, Jan Willem"]
[Result "1/2-1/2"]
[WhiteElo "2263"]
[BlackElo "2567"]
[PlyCount "88"]
[EventDate "2005.07.01"]
[EventType "tourn (corr)"]
[EventRounds "6"]
[EventCountry "NED"]
[SourceTitle "Corr 2008"]
[Source "ChessBase"]
[SourceDate "2008.06.24"]
[SourceVersion "1"]
[SourceVersionDate "2008.06.24"]
[SourceQuality "1"]

1. e4 c5 2. Nf3 d6 3. d4 cxd4 4. Nxd4 Nf6 5. Nc3 a6 6. Be3 e5 7. Nb3 Be7 8. f3 Be6 9. Qd2 h5 10. Be2 Nbd7 11. Nd5 Nxd5 12. exd5 Bf5 13. 0-0 0-0 14. f4 exf4 15. Bxf4 Bg6 16. Bd3 Bxd3 17. Qxd3 Bg5 18. Nd4 Bxf4 19. Rxf4 Qb6 20. b3 Ne5 21. Qd2 Qc5 22. Kh1 b5 23. Nf5 g6 24. Ne3 f5 25. c4 Rae8 26. b4 Qc7 27. Rc1 Qe7 28. c5 Nd7 29. Re1 dxc5 30. d6 Qe5 31. Nc2 Qb2 32. Rff1 Rxe1 33. Rxe1 cxb4 34. h3 Rf7 35. Qh6 Qf6 36. Re8+ Nf8 37. Nxb4 Qxd6 38. Nd5 Rg7 39. Nf4 Rh7 40. Qxg6+ Qxg6 41. Nxg6 Rf7 42. Ra8 Kg7 43. Nxf8 Rxf8 44. Rxa6 Rf6 1/2-1/2

[Event "IECG CP.2001.F.00001"]
[Site "IECG email"]
[Date "2005.07.01"]
[Round "?"]
[White "Schoonhoven, Jan Willem"]
[Black "Kerr, Stephen GR"]
[Result "1/2-1/2"]
[WhiteElo "2567"]
[BlackElo "2650"]
[PlyCount "67"]
[EventDate "2005.07.01"]
[EventType "tourn (corr)"]
[EventRounds "6"]
[EventCountry "NED"]
[SourceTitle "Corr 2008"]
[Source "ChessBase"]
[SourceDate "2008.06.24"]
[SourceVersion "1"]
[SourceVersionDate "2008.06.24"]
[SourceQuality "1"]

1. Nc3 c5 2. f4 d5 3. e4 dxe4 4. Nxe4 Nd7 5. Nf3 Ngf6 6. d3 e6 7. g3 b6 8. Bg2 Bb7 9. 0-0 Be7 10. Nfg5 Qc8 11. Qf3 Nxe4 12. Nxe4 Rb8 13. Qe2 Nf6 14. Bd2 Nxe4 15. dxe4 Bf6 16. e5 Be7 17. c4 0-0 18. Be3 Rd8 19. b3 a6 20. Rfd1 Bxg2 21. Qxg2 Qc7 22. Qe2 Qc6 23. Qg2 Qc7 24. Qe4 b5 25. Rf1 bxc4 26. Qxc4 Qc6 27. Rac1 Rd5 28. Qe2 Rbd8 29. Rc4 Rd3 30. Rfc1 Qd5 31. R4c3 Qe4 32. Rxd3 Rxd3 33. Kf2 Qd5 34. Qc2 1/2-1/2

[Event "IECG CP.2001.F.00001"]
[Site "IECG email"]
[Date "2005.07.01"]
[Round "?"]
[White "Schoonhoven, Jan Willem"]
[Black "Percze, Janos"]
[Result "1-0"]
[WhiteElo "2567"]
[BlackElo "2340"]
[PlyCount "79"]
[EventDate "2005.07.01"]
[EventType "tourn (corr)"]
[EventRounds "6"]
[EventCountry "NED"]
[SourceTitle "Corr 2008"]
[Source "ChessBase"]
[SourceDate "2008.06.24"]
[SourceVersion "1"]
[SourceVersionDate "2008.06.24"]
[SourceQuality "1"]

1. e4 e5 2. Nf3 Nc6 3. Bb5 a6 4. Ba4 Nf6 5. 0-0 Be7 6. Re1 b5 7. Bb3 d6 8. a4 b4 9. a5 0-0 10. d3 Be6 11. Nbd2 Qc8 12. Nc4 Rb8 13. Be3 Qb7 14. Qe2 Rbd8 15. Qd1 h6 16. h3 Rfe8 17. Qb1 Bf8 18. Qd1 Be7 19. Qe2 Na7 20. Ba4 Rf8 21. Bd2 Rb8 22. c3 bxc3 23. bxc3 Rfd8 24. Ne3 c5 25. c4 Qc7 26. Nd5 Nxd5 27. exd5 Bc8 28. Bc3 Bf5 29. Nd2 Bg5 30. Ne4 Rb7 31. g3 Be7 32. f4 exf4 33. gxf4 Rdb8 34. Qg2 g6 35. Re3 Qd8 36. Rf1 Rb1 37. Ng3 Bd7 38. Bxd7 Qxd7 39. f5 g5 40. Qe2 1-0

[Event "IECG WC.2003.F.00001 email"]
[Site "IECG email"]
[Date "2003.12.20"]
[Round "?"]
[White "Pappier, Carlos Guillermo"]
[Black "Schoonhoven, Jan Willem"]
[Result "1/2-1/2"]
[WhiteElo "2429"]
[BlackElo "2627"]
[PlyCount "64"]
[EventDate "2003.12.20"]
[EventType "tourn (corr)"]
[EventRounds "14"]
[SourceTitle "Corr 2008"]
[Source "ChessBase"]
[SourceDate "2008.06.24"]
[SourceVersion "1"]
[SourceVersionDate "2008.06.24"]
[SourceQuality "1"]

1. d4 Nf6 2. c4 e6 3. Nc3 Bb4 4. e3 0-0 5. Bd3 d5 6. Nf3 c5 7. 0-0 dxc4 8. Bxc4 cxd4 9. exd4 b6 10. Bg5 Bb7 11. Ne5 Bxc3 12. bxc3 Nbd7 13. Qe2 Qc7 14. Nxd7 Nxd7 15. Rac1 Rfe8 16. Rfe1 Nf8 17. Bb3 Qd7 18. Qg4 Rac8 19. h4 Bd5 20. c4 Bb7 21. h5 e5 22. Qg3 exd4 23. Bf6 g6 24. hxg6 Nxg6 25. Rxe8+ Rxe8 26. Rd1 d3 27. Rxd3 Qf5 28. Bg5 Re1+ 29. Kh2 h6 30. Bd2 Rf1 31. Qb8+ Bc8 32. Rd5 Qxf2 1/2-1/2

[Event "IECG WC.2003.F.00001 email"]
[Site "IECG email"]
[Date "2003.12.20"]
[Round "?"]
[White "Schoonhoven, Jan Willem"]
[Black "Sirota, Anatoli V"]
[Result "1/2-1/2"]
[WhiteElo "2627"]
[BlackElo "2548"]
[PlyCount "97"]
[EventDate "2003.12.20"]
[EventType "tourn (corr)"]
[EventRounds "14"]
[SourceTitle "Corr 2008"]
[Source "ChessBase"]
[SourceDate "2008.06.24"]
[SourceVersion "1"]
[SourceVersionDate "2008.06.24"]
[SourceQuality "1"]

1. e4 e5 2. Nf3 Nc6 3. Bb5 a6 4. Ba4 Nf6 5. 0-0 Be7 6. Re1 b5 7. Bb3 0-0 8. a4 Bb7 9. d3 d6 10. Nbd2 Na5 11. Ba2 c5 12. Nf1 b4 13. Bd2 Rb8 14. Ne3 Bc8 15. Nc4 Nc6 16. c3 Ne8 17. Ne3 Nc7 18. Bc4 Be6 19. a5 Bxc4 20. dxc4 bxc3 21. bxc3 Ne6 22. Nd5 Qd7 23. Qa4 Bd8 24. Be3 Kh8 25. Nd2 Bxa5 26. Ra2 Ra8 27. Rea1 Bc7 28. Nf1 Rfb8 29. h4 Bd8 30. h5 a5 31. Ng3 Rb7 32. Qd1 Rab8 33. Rd2 Na7 34. Rd3 Nc8 35. Nf5 Rb2 36. Rd2 Rxd2 37. Bxd2 Rb7 38. Bc1 Nc7 39. Nxc7 Bxc7 40. Bg5 Bd8 41. Bxd8 Qxd8 42. Qg4 f6 43. h6 g6 44. Ng7 Ne7 45. Qe6 Ng8 46. Ne8 Qe7 47. Qc8 Qd7 48. Qa8 Ra7 49. Qb8 1/2-1/2

[Event "IECG WC.2003.F.00001 email"]
[Site "IECG email"]
[Date "2003.12.20"]
[Round "?"]
[White "Schoonhoven, Jan Willem"]
[Black "Weber, Karlheinz"]
[Result "1/2-1/2"]
[WhiteElo "2627"]
[BlackElo "2336"]
[PlyCount "70"]
[EventDate "2003.12.20"]
[EventType "tourn (corr)"]
[EventRounds "14"]
[SourceTitle "Corr 2008"]
[Source "ChessBase"]
[SourceDate "2008.06.24"]
[SourceVersion "1"]
[SourceVersionDate "2008.06.24"]
[SourceQuality "1"]

1. e4 e5 2. Nf3 Nc6 3. Bb5 a6 4. Ba4 Nf6 5. 0-0 Be7 6. Re1 b5 7. Bb3 d6 8. c3 0-0 9. h3 Nb8 10. d4 Nbd7 11. Nbd2 Bb7 12. Bc2 Re8 13. Nf1 Bf8 14. Ng3 g6 15. a4 c5 16. d5 c4 17. Bg5 h6 18. Be3 Nc5 19. Qd2 h5 20. Bg5 Be7 21. Ra3 Nfd7 22. Be3 Bf6 23. Rea1 Qc7 24. Qe2 Nb6 25. axb5 axb5 26. Nd2 Rxa3 27. Rxa3 Ra8 28. Rxa8+ Bxa8 29. b4 cxb3 30. Nxb3 Nc4 31. Nxc5 Nxe3 32. Na6 Qc8 33. Qxe3 Qxa6 34. Bd3 Bb7 35. Qe2 Qa1+ 1/2-1/2

[Event "CFriend AC-2003-Q-00007 email"]
[Site "Chessfriend.com"]
[Date "2003.07.01"]
[Round "?"]
[White "Jimenez, Joaquin Rodrigo"]
[Black "Schoonhoven, Jan Willem"]
[Result "0-1"]
[WhiteElo "1992"]
[BlackElo "2627"]
[PlyCount "94"]
[EventDate "2003.07.01"]
[EventType "tourn (corr)"]
[EventRounds "10"]
[SourceTitle "Corr 2008"]
[Source "ChessBase"]
[SourceDate "2008.06.24"]
[SourceVersion "1"]
[SourceVersionDate "2008.06.24"]
[SourceQuality "1"]

1. e4 c5 2. Nf3 d6 3. d4 cxd4 4. Nxd4 Nf6 5. Nc3 a6 6. f3 Qb6 7. Nb3 e6 8. g4 Nfd7 9. Qe2 Be7 10. h4 Qc7 11. Be3 b5 12. 0-0-0 0-0 13. Qg2 b4 14. Ne2 a5 15. Nbd4 Ba6 16. g5 Rc8 17. Nf4 Bxf1 18. Rdxf1 Qc4 19. Kb1 a4 20. h5 Nc6 21. Nxc6 Qxc6 22. Rc1 Qb5 23. g6 Bf6 24. Rhd1 Ne5 25. Bd4 b3 26. cxb3 axb3 27. a3 Rc4 28. gxf7+ Kxf7 29. Qh3 Re8 30. Qg2 Rec8 31. Rxc4 Rxc4 32. Qh3 Qe8 33. Bxe5 Bxe5 34. Nd3 Bf6 35. Qf1 Qb5 36. h6 g6 37. f4 Rd4 38. e5 Qc4 39. Rd2 Be7 40. exd6 Bxd6 41. Ne5+ Bxe5 42. Qxc4 Rxc4 43. fxe5 g5 44. Rd3 Kg6 45. Rxb3 Kxh6 46. Rb6 g4 47. Rxe6+ Kg5 0-1

[Event "CFriend AC-2003-Q-00007 email"]
[Site "Chessfriend.com"]
[Date "2003.07.01"]
[Round "?"]
[White "Steenbekkers, Franck"]
[Black "Schoonhoven, Jan Willem"]
[Result "1/2-1/2"]
[WhiteElo "2198"]
[BlackElo "2614"]
[PlyCount "60"]
[EventDate "2003.07.01"]
[EventType "tourn (corr)"]
[EventRounds "10"]
[SourceTitle "Corr 2008"]
[Source "ChessBase"]
[SourceDate "2008.06.24"]
[SourceVersion "1"]
[SourceVersionDate "2008.06.24"]
[SourceQuality "1"]

1. e4 c5 2. Nf3 d6 3. d4 cxd4 4. Nxd4 Nf6 5. Nc3 a6 6. Bg5 e6 7. f4 Qb6 8. Qd2 Nc6 9. 0-0-0 Nxd4 10. Qxd4 Qxd4 11. Rxd4 Be7 12. Be2 Bd7 13. Rhd1 Bc6 14. Bf3 0-0-0 15. Bh4 d5 16. e5 Ng8 17. Bxe7 Nxe7 18. Ne2 h5 19. R4d2 h4 20. Nd4 g5 21. fxg5 Rdg8 22. Rf2 Rxg5 23. Be2 Rxe5 24. Rxf7 Nf5 25. Nxf5 Rxe2 26. Ne7+ Kd8 27. Nxc6+ bxc6 28. Rd4 Ke8 29. Ra7 Rf8 30. b3 Rff2 1/2-1/2

[Event "IECG WC.2005.S.00013 email"]
[Site "IECG email"]
[Date "2003.05.19"]
[Round "?"]
[White "Bourquin, Pascal"]
[Black "Schoonhoven, Jan Willem"]
[Result "0-1"]
[WhiteElo "2334"]
[BlackElo "2596"]
[PlyCount "66"]
[EventDate "2003.05.19"]
[EventType "tourn (corr)"]
[EventRounds "10"]
[SourceTitle "Corr 2008"]
[Source "ChessBase"]
[SourceDate "2008.06.24"]
[SourceVersion "1"]
[SourceVersionDate "2008.06.24"]
[SourceQuality "1"]

1. c4 Nf6 2. Nf3 e6 3. g3 d5 4. Bg2 dxc4 5. Qa4+ Nbd7 6. Qxc4 a6 7. Qc2 c5 8. 0-0 b5 9. b3 Bb7 10. Bb2 Be7 11. d3 0-0 12. Nbd2 Rc8 13. Rac1 Qb6 14. Qb1 Rfd8 15. Qa1 Bf8 16. Rfd1 Ng4 17. h3 Nh6 18. Nf1 Nf5 19. e4 Ne7 20. Ne3 f6 21. h4 e5 22. Bh3 g6 23. Rc2 Bh6 24. Ng4 Bg7 25. Qc1 Nc6 26. Nh6+ Kf8 27. Re2 Nd4 28. Nxd4 cxd4 29. Qd2 b4 30. Ree1 Rc3 31. Bf1 Rdc8 32. Rc1 f5 33. f3 f4 0-1

[Event "IECG WC.2005.S.00013 email"]
[Site "IECG email"]
[Date "2003.05.19"]
[Round "?"]
[White "Koch, Christian"]
[Black "Schoonhoven, Jan Willem"]
[Result "1/2-1/2"]
[WhiteElo "2236"]
[BlackElo "2596"]
[PlyCount "48"]
[EventDate "2003.05.19"]
[EventType "tourn (corr)"]
[EventRounds "10"]
[SourceTitle "Corr 2008"]
[Source "ChessBase"]
[SourceDate "2008.06.24"]
[SourceVersion "1"]
[SourceVersionDate "2008.06.24"]
[SourceQuality "1"]

1. e4 c5 2. Nf3 d6 3. d4 cxd4 4. Nxd4 Nf6 5. Nc3 a6 6. Bg5 e6 7. f4 Qb6 8. Qd2 Nc6 9. 0-0-0 Nxd4 10. Qxd4 Qxd4 11. Rxd4 h6 12. Bxf6 gxf6 13. Na4 Bd7 14. Nb6 Rd8 15. Nxd7 Rxd7 16. c3 h5 17. Kd2 h4 18. Ke2 Rh5 19. Kf3 f5 20. exf5 Rxf5 21. g3 hxg3 22. hxg3 d5 23. Rd1 Rf6 24. a3 Ke7 1/2-1/2

[Event "IECG WC.2005.S.00013 email"]
[Site "IECG email"]
[Date "2003.05.19"]
[Round "?"]
[White "Schoonhoven, Jan Willem"]
[Black "Hnatovsky, Nicholas"]
[Result "1/2-1/2"]
[WhiteElo "2596"]
[BlackElo "2286"]
[PlyCount "96"]
[EventDate "2003.05.19"]
[EventType "tourn (corr)"]
[EventRounds "10"]
[SourceTitle "Corr 2008"]
[Source "ChessBase"]
[SourceDate "2008.06.24"]
[SourceVersion "1"]
[SourceVersionDate "2008.06.24"]
[SourceQuality "1"]

1. e4 c6 2. d4 d5 3. Nd2 dxe4 4. Nxe4 Nd7 5. Ng5 Ngf6 6. Bd3 e6 7. N1f3 Bd6 8. Qe2 h6 9. Ne4 Nxe4 10. Qxe4 Qc7 11. Qg4 Kf8 12. 0-0 c5 13. c3 b6 14. Re1 Bb7 15. h4 Rd8 16. Bd2 Nf6 17. Qh3 Bxf3 18. Qxf3 cxd4 19. cxd4 Qd7 20. a4 Be7 21. Bc3 Qd5 22. Qh3 Bd6 23. Re3 a5 24. Rae1 h5 25. Rf3 Rc8 26. Ba6 Rc7 27. Be2 Rh6 28. Rd3 Rg6 29. Qf3 Ng4 30. g3 Rf6 31. Qxd5 exd5 32. Bf3 Re6 33. Rxe6 fxe6 34. Bd1 g6 35. Bd2 Nf6 36. Rc3 Kf7 37. Kg2 Rxc3 38. bxc3 Ne4 39. Be1 Be7 40. Bc2 Nd6 41. Bd3 Nc4 42. Bxc4 dxc4 43. Bd2 Ke8 44. Kf3 Kd7 45. Ke4 Bf6 46. d5 Bg7 47. f3 Bf6 48. Be3 Bxc3 1/2-1/2

[Event "IECG WC.2005.S.00013 email"]
[Site "IECG email"]
[Date "2003.05.19"]
[Round "?"]
[White "Schoonhoven, Jan Willem"]
[Black "Siebrandt, Jeffrey B"]
[Result "1-0"]
[WhiteElo "2596"]
[BlackElo "2287"]
[PlyCount "77"]
[EventDate "2003.05.19"]
[EventType "tourn (corr)"]
[EventRounds "10"]
[SourceTitle "Corr 2008"]
[Source "ChessBase"]
[SourceDate "2008.06.24"]
[SourceVersion "1"]
[SourceVersionDate "2008.06.24"]
[SourceQuality "1"]

1. e4 c6 2. d4 d5 3. e5 Bf5 4. Nf3 e6 5. Be2 c5 6. Be3 Ne7 7. dxc5 Nd7 8. 0-0 Nc6 9. c4 dxc4 10. Na3 Bxc5 11. Bxc5 Nxc5 12. Nxc4 0-0 13. Qc1 Nd7 14. Qe3 Qc7 15. Rac1 Rad8 16. Rfd1 Qb8 17. h3 f6 18. exf6 Nxf6 19. Rxd8 Rxd8 20. Nce5 Nxe5 21. Qxe5 Qxe5 22. Nxe5 h6 23. Bc4 Nd5 24. g4 Bh7 25. h4 Kf8 26. Bxd5 exd5 27. f4 Be4 28. h5 b5 29. Kf2 d4 30. a3 a5 31. Ke2 b4 32. Rc5 bxa3 33. bxa3 a4 34. Rc4 Ke7 35. Rxa4 Ke6 36. Kd2 Rf8 37. Rxd4 Rxf4 38. Nd3 Rxg4 39. Rxe4+ 1-0

[Event "CFriend AM-2003-0-00001 email"]
[Site "Chessfriend.com"]
[Date "2003.01.31"]
[Round "?"]
[White "Schoonhoven, Jan Willem"]
[Black "Mauro, Lucio"]
[Result "1/2-1/2"]
[WhiteElo "2639"]
[BlackElo "2288"]
[PlyCount "60"]
[EventDate "2003.??.??"]
[EventType "tourn (corr)"]
[EventRounds "6"]
[SourceTitle "Corr 2008"]
[Source "ChessBase"]
[SourceDate "2008.06.24"]
[SourceVersion "1"]
[SourceVersionDate "2008.06.24"]
[SourceQuality "1"]

1. e4 c5 2. Nf3 d6 3. d4 cxd4 4. Nxd4 Nf6 5. Nc3 a6 6. Be3 e6 7. f3 b5 8. g4 Nfd7 9. Qd2 Nb6 10. 0-0-0 N8d7 11. Ndxb5 axb5 12. Nxb5 Ba6 13. Nxd6+ Bxd6 14. Qxd6 Nc4 15. Bxc4 Bxc4 16. a3 e5 17. Rd2 Ra6 18. Qb4 Qc8 19. Rhd1 Be6 20. Rd3 Rc6 21. R1d2 Rc4 22. Qd6 Rc6 23. Rc3 Rxc3 24. Bg5 Qc5 25. Qb8+ Qc8 26. Qd6 Qc5 27. Qb8+ Qc8 28. Qd6 Qc5 29. Qb8+ Qc8 30. Qd6 Qc5 1/2-1/2

[Event "NED-ch05 email"]
[Site "Netherland"]
[Date "2002.10.15"]
[Round "?"]
[White "De Waard, Jos AM"]
[Black "Schoonhoven, Jan Willem"]
[Result "1/2-1/2"]
[WhiteElo "2387"]
[BlackElo "2200"]
[PlyCount "97"]
[EventDate "2002.??.??"]
[EventType "tourn (corr)"]
[EventRounds "14"]
[EventCountry "NED"]
[SourceTitle "Corr 2006"]
[Source "ChessBase"]
[SourceDate "2006.04.01"]
[SourceVersion "3"]
[SourceVersionDate "2006.04.01"]
[SourceQuality "1"]

1. e4 c5 2. Nf3 d6 3. Bb5+ Bd7 4. Bxd7+ Qxd7 5. 0-0 Nc6 6. c4 Nf6 7. Nc3 g6 8. d4 cxd4 9. Nxd4 Bg7 10. Nde2 0-0 11. f3 a6 12. a4 Qd8 13. Kh1 Qb6 14. Rb1 Nd7 15. b3 Qa5 16. Qd2 Rfd8 17. f4 Qh5 18. f5 Be5 19. Nf4 Qh6 20. Ncd5 e6 21. Nb4 Nc5 22. Nxc6 bxc6 23. Qc2 a5 24. Rf3 Rd7 25. h3 g5 26. Nd3 Qh4 27. Nxe5 dxe5 28. Be3 g4 29. Bf2 Qg5 30. Be3 Qh4 31. fxe6 Nxe6 32. Bf2 Qd8 33. hxg4 Rd2 34. Qc1 Re2 35. Qf1 Rxe4 36. Re1 Rxe1 37. Qxe1 Ng5 38. Re3 f6 39. Bh4 h6 40. Qb1 Kg7 41. Bxg5 hxg5 42. Rh3 e4 43. Re3 Qe7 44. Qxe4 Qxe4 45. Rxe4 Kf7 46. Kh2 Rd8 47. Re3 Rd1 48. Kg3 Rd4 49. Kf3 1/2-1/2

[Event "NED-ch05 email"]
[Site "Netherland"]
[Date "2002.10.15"]
[Round "?"]
[White "Schoonhoven, Jan Willem"]
[Black "Van Melis, ALM"]
[Result "1-0"]
[WhiteElo "2200"]
[BlackElo "2400"]
[PlyCount "85"]
[EventDate "2002.??.??"]
[EventType "tourn (corr)"]
[EventRounds "14"]
[EventCountry "NED"]
[SourceTitle "Corr 2006"]
[Source "ChessBase"]
[SourceDate "2006.04.01"]
[SourceVersion "3"]
[SourceVersionDate "2006.04.01"]
[SourceQuality "1"]

1. e4 c5 2. Nf3 d6 3. d4 cxd4 4. Nxd4 Nf6 5. Nc3 a6 6. Be3 e6 7. f3 Be7 8. Qd2 Nc6 9. 0-0-0 0-0 10. g4 Nxd4 11. Bxd4 b5 12. Kb1 Bb7 13. h4 Rc8 14. g5 Nd7 15. a3 Ne5 16. Qe3 Nc4 17. Bxc4 Rxc4 18. Rhg1 b4 19. axb4 Rxb4 20. Bc5 Rc4 21. Ba3 g6 22. h5 Qc7 23. Rd3 Re8 24. Rgd1 Rc6 25. f4 Bc8 26. Qd2 Bf8 27. hxg6 fxg6 28. Bxd6 Rxd6 29. Rxd6 Bxd6 30. Qxd6 Qxd6 31. Rxd6 Kg7 32. e5 Rf8 33. Rc6 Bb7 34. Rc7+ Rf7 35. Rxf7+ Kxf7 36. Na4 Kg7 37. Nc5 Bc8 38. Kc1 h5 39. gxh6+ Kxh6 40. Kd2 Kh5 41. Ke3 Kg4 42. Ke4 a5 43. c3 1-0

[Event "NED-ch05 email"]
[Site "Netherland"]
[Date "2002.10.15"]
[Round "?"]
[White "Thorn Leeson, John"]
[Black "Schoonhoven, Jan Willem"]
[Result "0-1"]
[WhiteElo "2162"]
[BlackElo "2200"]
[PlyCount "56"]
[EventDate "2002.??.??"]
[EventType "tourn (corr)"]
[EventRounds "14"]
[EventCountry "NED"]
[SourceTitle "Corr 2006"]
[Source "ChessBase"]
[SourceDate "2006.04.01"]
[SourceVersion "3"]
[SourceVersionDate "2006.04.01"]
[SourceQuality "1"]

1. e4 c5 2. Nf3 d6 3. d4 cxd4 4. Nxd4 Nf6 5. Nc3 a6 6. f3 Qb6 7. g4 Nc6 8. Nb3 e6 9. Qe2 Qc7 10. Be3 b5 11. 0-0-0 Bb7 12. h4 Rc8 13. g5 Nd7 14. Qf2 Nce5 15. a3 d5 16. exd5 b4 17. axb4 Bxb4 18. Na2 Bd6 19. dxe6 fxe6 20. Nd4 Nc5 21. Kb1 0-0 22. Bh3 Bd5 23. Nc3 Rb8 24. Bc1 Nc4 25. b3 Be5 26. Nxd5 exd5 27. f4 Bxd4 28. Qxd4 Nxb3 0-1

[Event "NED-ch05 email"]
[Site "Netherland"]
[Date "2002.10.15"]
[Round "?"]
[White "Van Unen, Hans"]
[Black "Schoonhoven, Jan Willem"]
[Result "1/2-1/2"]
[WhiteElo "2374"]
[BlackElo "2200"]
[PlyCount "46"]
[EventDate "2002.??.??"]
[EventType "tourn (corr)"]
[EventRounds "14"]
[EventCountry "NED"]
[SourceTitle "Corr 2006"]
[Source "ChessBase"]
[SourceDate "2006.04.01"]
[SourceVersion "3"]
[SourceVersionDate "2006.04.01"]
[SourceQuality "1"]

1. c4 e6 2. d4 Nf6 3. Nf3 b6 4. a3 Ba6 5. Qc2 Bb7 6. Nc3 c5 7. e4 cxd4 8. Nxd4 Nc6 9. Nxc6 Bxc6 10. Qe2 d6 11. g3 Be7 12. Bg2 0-0 13. 0-0 Nd7 14. Rd1 Qb8 15. Bf4 Rc8 16. h4 a6 17. Rac1 Ra7 18. b3 Bf8 19. Be3 Rac7 20. a4 Nc5 21. Rb1 Qb7 22. f3 Rd7 23. Qc2 a5 1/2-1/2